000 00411nam a2200157 a 4500
005 20140414131845.0
008 110310s19uu xx 00 eng d
020 _a9781400314645
050 _aM 220.9'505
_bE522 2009
100 _aEllis, Gwen
245 _aRead and share toddler Bible.
260 _aChina :
_bThomas Nelson,
_c2009.
300 _a191
650 _aBible stories, English.
999 _c109912
_d109912